• 首页
  • 本馆介绍
  • 公告通知
  • 最新文献
  • 馆藏检索
  • 电子资源
  • 读者导购
  • 参考咨询
  • 我的图书馆
  • 登录
  • 详细信息显示
  • 放入我的书架
  • 预约/预借图书
  • 作者相关作品
  • 分类相关作品
  • 丛书相关作品
  • 出版社相关作品

书目信息

  • 表格格式
  • 工作单格式
  • 卡片格式
题名:
垃圾回收的算法与实现
    
 
作者: 中村成洋 , 相川光 著 ;丁灵 译
分册:  
出版信息: 北京   人民邮电出版社  2016.9
页数: 12,443页
开本: 24cm
丛书名: 图灵程序设计丛书
单 册:
中图分类: TP333.1
科图分类:
主题词: 内存贮器--计算机算法
电子资源:
ISBN: 978-7-115-42747-2
000 01070nam 2200265 450
001 0400001610
005 20171019081152.0
010    @a978-7-115-42747-2@dCNY99.00
100    @a20160826e2016 km y0chiy50 eb
101 0  @achi
105    @aa z 000yy
106    @ar
200 1  @a垃圾回收的算法与实现@9la ji hui shou de suan fa yu shi xian@f(日)中村成洋,(日)相川光著@g丁灵译
210    @a北京@c人民邮电出版社@d2016.9
215    @a12,443页@c图@d24cm
225 2  @a图灵程序设计丛书
330    @a本书分为“算法篇”和“实现篇”两大部分。算法篇介绍了标记-清除算法、引用计数法、复制算法、标记-压缩算法、保守式GC、分代垃圾回收、增量式垃圾回收、RC Immix算法等几种重要的算法;实现篇介绍了垃圾回收在Python、DalvikVM、Rubinius、V8等几种语言处理程序中的具体实现。
461  0 @12001 @a图灵程序设计丛书
606 0  @a内存贮器@x计算机算法
690    @aTP333.1@v5
701  0 @c(日)@a中村成洋@9zhong cun cheng yang@4著
701  0 @c(日)@a相川光@9xiang cuan guang@4著
702  0 @a丁灵@9ding lin@4译
801  0 @aCN@b91MARC@c20171019
905    @b1025431-5@dTP333.1@f5@e152
    
    垃圾回收的算法与实现/(日)中村成洋,(日)相川光著/丁灵译.-北京:人民邮电出版社,2016.9
    12,443页:图;24cm.-(图灵程序设计丛书)
    
    
    ISBN 978-7-115-42747-2:CNY99.00
    本书分为“算法篇”和“实现篇”两大部分。算法篇介绍了标记-清除算法、引用计数法、复制算法、标记-压缩算法、保守式GC、分代垃圾回收、增量式垃圾回收、RC Immix算法等几种重要的算法;实现篇介绍了垃圾回收在Python、DalvikVM、Rubinius、V8等几种语言处理程序中的具体实现。
●
相关链接 在E读中查询图书 在五车中查询图书 在当当中查询图书 在豆瓣中查询图书


正题名:垃圾回收的算法与实现     索取号:TP333.1/152         预约/预借

序号 登录号 条形码 馆藏地/架位号 状态 备注
1 1025431   210254311   第二样本阅览室/ [索取号:TP333.1/152] 在馆    
2 1025432   210254320   第三借阅区/ [索取号:TP333.1/152] 在馆    
3 1025433   210254339   密集书库—计算机科学学院/ [索取号:TP333.1/152] 在馆    
4 1025434   210254348   第三借阅区/ [索取号:TP333.1/152] 在馆    
5 1025435   210254357   第三借阅区/ [索取号:TP333.1/152] 在馆    
唐山师范学院图书馆 欢迎您!
大连网信软件有限公司© 版权所有